Virtual futures for design construction and procurement (Record no. 108781)

MARC details
000 -LEADER
fixed length control field 01808cad a22003135a 4500
001 - CONTROL NUMBER
control field L145388
008 - FIXED-LENGTH DATA ELEMENTS--GENERAL INFORMATION
fixed length control field 081002s2008 xxkadeof 001 0 eng d
020 ## - INTERNATIONAL STANDARD BOOK NUMBER
International Standard Book Number 9781444302356
035 ## - SYSTEM CONTROL NUMBER
System control number (Sirsi) u145388
041 0# - LANGUAGE CODE
Language code of text/sound track or separate title eng
050 04 - LIBRARY OF CONGRESS CALL NUMBER
Classification number 720.2856
245 00 - TITLE STATEMENT
Title Virtual futures for design construction and procurement
Medium [electronic resource]
260 ## - PUBLICATION, DISTRIBUTION, ETC.
Place of publication, distribution, etc. Oxford
Name of publisher, distributor, etc. Blackwell Publishing
Date of publication, distribution, etc. 2008
300 ## - PHYSICAL DESCRIPTION
Extent eBook
350 ## - PRICE (NR) (BK AM CF MU VM SE) [OBSOLETE]
Price 75.00
505 2# - FORMATTED CONTENTS NOTE
Formatted contents note Introduction -- Part 1: Design, engineering and manufacturing challenges -- Part 2: Challenges for implementation: from virtual through to construction -- Part 3: Challenges for visualization and simulation -- Part 4: Challenges for information and knowledge modelling -- Part 5: Other challenges: agent technologies, security, regulations and mangement control -- Part 6: Visions, roadmaps and future scenarios
520 ## - SUMMARY, ETC.
Summary, etc. Presents a complete and updated overview of virtual prototypes. Develops the future of information and communication technologies for the construction industry. Explains that in architecture and construction, three dimensional, computer-aided design systems help in the design process. Show that the advantages of virtual prototypes of buildings include the fact that they can be used for design documentation, are easy to change, and allow virtual experiments. Contains a case study and diagrams.
521 ## - TARGET AUDIENCE NOTE
Target audience note Advanced
590 ## - LOCAL NOTE (RLIN)
Local note KA
650 24 - SUBJECT ADDED ENTRY--TOPICAL TERM
Topical term or geographic name entry element EBOOK
651 #4 - SUBJECT ADDED ENTRY--GEOGRAPHIC NAME
Geographic name United Kingdom
-- 1973-
690 ## - LOCAL SUBJECT ADDED ENTRY--TOPICAL TERM (OCLC, RLIN)
Topical term or geographic name as entry element BUILT ENVIRONMENT-CONSTRUCTION MANAGEMENT
690 ## - LOCAL SUBJECT ADDED ENTRY--TOPICAL TERM (OCLC, RLIN)
Topical term or geographic name as entry element MANAGEMENT-BUSINESS MANAGEMENT-INFORMATION MANAGEMENT
700 1# - ADDED ENTRY--PERSONAL NAME
Personal name Brandon, Peter
700 1# - ADDED ENTRY--PERSONAL NAME
Personal name Kocaturk, Tuba
856 48 - ELECTRONIC LOCATION AND ACCESS
Uniform Resource Identifier <a href="https://www.vlebooks.com/">https://www.vlebooks.com/</a>
Public note View on VLEbooks. Logins for members only from [email protected]
942 ## - ADDED ENTRY ELEMENTS (KOHA)
Suppress in OPAC 0
Holdings
Withdrawn status Lost status Damaged status Not for loan Home library Current library Shelving location Date acquired Total Checkouts Full call number Barcode Date last seen Date last checked out Copy number Price effective from Koha item type Source of classification or shelving scheme Cost, normal purchase price Cost, replacement price
  Missing from bundle     London London Books 02/10/2008 5 720.2856 VIR 30076248 06/08/2019 26/03/2010 1 06/08/2019 Book      
        Virtual Virtual Online 23/11/2010   EBOOK 145388-2001 06/08/2019   1 06/08/2019 Book Dewey Decimal Classification 104.39 104.39